Angol utópia /

Uložené v:
Podrobná bibliografia
Hlavný autor: Morton, A. L.
Médium: Kniha
Jazyk:Hungarian
English
Vydané: Budapest : Kossuth Könyvkiadó, 1974.
Vydanie:1. kiad.
ISBN: (brož.)
Fyzický popis: 334 s.
Tagy: Pridať tag
Žiadne tagy, Buďte prvý kto otaguje tento záznam!

MARC

LEADER 00000nam a22000004a 4500
001 000430713
005 20130811223811.0
008 130810s1974 hu e 000 0 hun d
020 |a (brož.) 
040 |a SVKKK  |b slo  |c SVKKK  |e AACR2 
041 1 |a hun  |h eng 
044 |a hu  |c HU 
100 1 |a Morton, A. L. 
245 1 0 |a Angol utópia /  |c A. L. Morton. 
250 |a 1. kiad. 
260 |a Budapest :  |b Kossuth Könyvkiadó,  |c 1974. 
300 |a 334 s. 
500 |a Preklad z ang. orig 
910 |a svkkk 
998 |a BK 
090 |g SCKHL  |k Sklad Hlavná 10 suterén  |a I.44473  |j 516944  |i 2720619196  |s Absenčne